000 00426cam a2200181ua 4500
041 _aeng
_h
082 _a822
_bSHA/JU
100 _aShakespeare, William.
245 _aJulius Ceasar /
_cWilliam Shakespeare.
_hTextual Documents
260 _aLondon :
_bLongman ,
_c1959.
300 _a271 ; .
504 _a
942 _cBK
999 _c499
_d499